000 00512nab a22001457 4500
003 ES-SlBCS
005 20211207161046.0
008 181204s2018 sp ||||| |||| 00| 0 spa d
040 _aES-SlBCS
_bspa
041 _aspa
100 1 _aTomichá Charupá, Roberto
_9114003
245 1 3 _aEl convivir ecológico-nomádico de los pueblos amerindios: una narrativa profética, simbólica y mística
_cRoberto Tomichá Charupá
773 0 _gNúm. 378, 2018, págs. 87-96
_tConcilium
_wRev134
_x0210-1041
942 _2lcc
_cAR
999 _c477388
_d477388